Por la construcción de un nuevo El Salvador
Αποθηκεύτηκε σε:
| Μορφή: | Κείμενο |
|---|---|
| Θέματα: | |
| Ετικέτες: |
Προσθήκη ετικέτας
Δεν υπάρχουν, Καταχωρήστε ετικέτα πρώτοι!
|
MARC
| LEADER | 00000 a a2200000 04500 | ||
|---|---|---|---|
| 001 | 5803 | ||
| 003 | |||
| 040 | |||
| 245 | |a Por la construcción de un nuevo El Salvador | ||
| 650 | |a DEMOCRACIA | ||
| 650 | |a PARTICIPACION SOCIAL | ||
| 650 | |a DERECHOS HUMANOS | ||
| 650 | |a VIOLENCIA | ||
| 650 | |a ASPECTOS POLITICOS | ||
| 773 | |g volumen 14, número 588; páginas 11-14 | ||
| 999 | |c 19875 |d 19875 | ||
